| 000 | 00633nam a22001457a 4500 | ||
|---|---|---|---|
| 020 | _a0-553-26490-7 | ||
| 082 |
_a823 _bFOR/D |
||
| 100 | _aFORSYTH,FREDERICK | ||
| 245 | _aTHE DEVILS ALTERNATIVE | ||
| 260 |
_aLONDON _bBANTAM BOOKS |
||
| 300 | _a404 | ||
| 520 | _aThe world's largest oil tanker is hijacked by terrorists, and a Ukrainian “freedom fighter” is rescued in a bloody catastrophe on the Black Sea. From Moscow to Washington, the stakes grow ever more perilous as the mad actions of a few threaten to engulf the entire world in nuclear war—unless Munro can stop them. | ||
| 650 |
_aENGLISH NOVEL _zLONDON |
||
| 942 | _cBK | ||
| 999 |
_c3217 _d3217 |
||